| 000 | 00971nmc a2200337 a 4500 | ||
|---|---|---|---|
| 003 | AR-BaBNM | ||
| 005 | 20251128204841.0 | ||
| 008 | 256019s1986 ||||||||||||||000 | spa|| | ||
| 020 | _a950-614-537-7 | ||
| 040 | _cAR-BaBNM | ||
| 100 | 1 | _aChávez, Fermín | |
| 245 | 1 | 0 | _aVida y muerte de López Jordán |
| 260 |
_aBuenos Aires _bHyspamérica _c1986 |
||
| 300 | 0 | _a284 p. | |
| 490 | 0 |
_aBiblioteca argentina de historia y política _vv. 67 |
|
| 500 | 0 | _aNotas: p. 269-283 | |
| 600 | 1 | 4 |
_aUrquiza, Justo José de _d1801-1870 |
| 600 | 1 | 4 |
_aMitre, Bartolomé _d1821-1906 |
| 600 | 1 | 4 | _aSarmiento, Domingo Faustino |
| 600 | 1 | 4 | _aMitre, Emilio |
| 600 | 1 | 4 | _aPaunero, Wenceslao |
| 650 | 4 | _aHISTORIA ARGENTINA | |
| 650 | 4 | _aCAUDILLOS ARGENTINOS | |
| 650 | 4 | _aMONTONERAS | |
| 650 | 4 | _aORGANIZACION NACIONAL | |
| 650 | 4 | _aCONFEDERACION ARGENTINA | |
| 650 | 4 | _aGUERRA DEL PARAGUAY | |
| 800 | 1 |
_aCostantini, Pablo _edirector |
|
| 942 | _cBK | ||
| 998 | _cEnrique | ||
| 999 |
_c9043 _d9043 |
||